[Event "ESP-chA"]
[Site "Lorca"]
[Date "2005.11.13"]
[Round "4.1"]
[White "Arizmendi Martinez, Julen Luis"]
[Black "Fluvia Poyatos, Joan"]
[Result "1-0"]
[WhiteElo "2509"]
[BlackElo "2458"]
[Annotator "Arizmendi,J"]
[PlyCount "77"]
[EventDate "2005.11.10"]
[EventType "tourn"]
[EventRounds "5"]
[EventCountry "ESP"]
[EventCategory "10"]
[SourceTitle "CBM 111"]
[Source "ChessBase"]
[SourceDate "2006.04.04"]
[SourceVersion "1"]
[SourceVersionDate "2006.04.04"]
[SourceQuality "1"]

1. e4 c5 2. Nf3 d6 3. d4 cxd4 4. Nxd4 Nf6 5. Nc3 a6 {The truth is that
Fluviá´s choice surprised me. His results with the Sveshnikov have been quite
good in the past few years, and although he has flirted with other lines, this
has always been his favourite weapon. Although in the first round Fluviá had
already gone for the Najdorf against López Martínez, I thought that was part
of some specific preparation. It took me a while before I settled for...} 6.
Be3 {The English Attack is my usual choice against the Najdorf, although 6.Be2
and 6.Bc4 are also part of my repertoire. For some reason, I had the feeling
that my opponent likes 6...e5 set-ups against 6.Be2, which is considered by
theory as the easiest route to equality. But something made me believe he
would rather play with 6...e6 against the English Attack. Thus, I came up with
the following "trick": I play 6.Be3, and after 6...e6, I go for 7.Be2, as
Adams has tried so many times. Ok, it is not like this is so great, but those
structures suited me fine in a must win situation.} Ng4 {Hmm, and now what. I
did not feel like going for those crazy lines after 7.Bg5, so...} 7. Bc1 Nf6 {
and back to where I was. So, I am not the best psychologist. After some more
thought I decided to go for a line I consider interesting but had never
employed before,} 8. g3 e5 9. Nb3 Be7 {Personally, I prefer 9...Nbd7, followed
by ...b5 (or ...b6 if White plays 10.a4). Fluvíá adopts a very "Najdorf"
approach, controlling d5 and not giving any contact points on the queenside.}
10. Bg2 Be6 11. O-O Nbd7 12. a4 {White´s plan is to first put a pawn on a5,
fixing the queenside, and then jump into d5 at some point. Black will have
nothing better than taking the intruder, and after exd5, a typical position
with flank majorities will be reached. I like White because he has a little
head start on his side of the board, but these positions a very complicated in
practice.} O-O (12... b6 13. Nd5 Nxd5 14. exd5 Bf5 15. f4 {leaves the bishop
in trouble, since} exf4 {is met by} 16. Nd4 $16) 13. a5 {This position
resembles the Karpov Variation of the Classical Scheveningen, but here the
bishop on g2 gives White a superior version. The main advantage is the extra
support of d5; on the downside, not having a bishop on e2 putting pressure on
a6 allows Black to play ...b5. This, however, does not give him full equality.}
b5 ({Another idea would be} 13... Qc7 14. Be3 Rfc8 {trying to hold back Nd5
for the time being. The truth is, though, Black cannot manage this in the long
run. One possibility is} 15. h3 {, followed by 16.Qd2 and 17.Rfc1. In similar
positions in the Karpov variation, Black puts his queen on c6 and controls d5,
but the extra control exerted by the g2 bishop makes this attempt futile.}) 14.
axb6 Nxb6 15. Na5 Qc7 16. Nd5 {During the game I thought this move was clearly
the best one and played it instantly. In a similar situation, the great 6.g3
expert, Petar Popovic, preferred to finish his devolopment first, not giving
Black any clear play on the kingside. I now believe} (16. h3 $1 {, followed by
Be3 and Qd2 might be more precise.}) 16... Bxd5 {A strange decision, but the
idea will be clarly understood after Black´s next move. The alternative is} (
16... Nfxd5 17. exd5 Bd7 {, and try to push the kingside pawns. White,
meanwhile, should take advantage of the weakened c6 square. One idea could be}
18. Be3 ({the direct} 18. Nc6 {is not convincing} Bxc6 19. dxc6 d5 20. Bxd5
Nxd5 21. Qxd5 Rfd8 22. Qf3 Rd6 $11) 18... Nc4 (18... Na4 $2 19. Nc6 Bxc6 20.
dxc6 Nxb2 21. Qe2 $18) (18... Bb5 19. Re1 Na4 $2 20. c4 Nxb2 21. Qc2 Nxc4 22.
Bf1 Rfc8 23. Bxc4 Bxc4 24. Rec1 $18) 19. Nc6) 17. exd5 e4 {Forced. If White is
allowed to protect d5, then the weakness on c6 will tell.} 18. g4 $5 {Risky,
but the tournament situation was crying out for this one.} ({After the game my
opponent suggested} 18. f3 {, which I rejected because it seemed to me that my
dark squares were weakened too much. But what was really worrying me was the
necessity of parting with my light-squared bishop, which would leave my king
exposed. On the other hand, maybe these were nothing more than excuses thought
up to convince myself to play 18.g4.} Nfxd5 ({we looked at} 18... e3 {in the
postmortem, but} 19. f4 Nfxd5 20. c4 {refutes it.}) 19. fxe4 Nf6 20. e5 dxe5
21. Bxa8 Bc5+ 22. Kg2 Rxa8 $14 {Black has very reasonable compensation, but I
am not quite sure if is sufficient.}) (18. Re1 Nbxd5 19. Bxe4 Nxe4 20. Qxd5 Nf6
21. Qc6 {Might be a litle something, but I was looking for more.}) 18... h6 $2
{A clear mistake. After the game my opponent told me he believed my king would
be weaker after the exchange of the h-pawns, but he underestimated the rook
manoeuvre on move 22.} (18... Rae8 {and now:} {The thematic} 19. Ra3 {is also
possible here} (19. c4 Nxc4 20. Qc2 Rc8 21. g5 (21. Nc6 Ne5 22. Rxa6 Nxd5 23.
Nxe7+ Qxe7 24. Qxe4 {deserves attention. The kingside had advanced a little
more the would be desirable, but the two bishops could prove to be dangerous.})
21... Nxd5 22. Bxe4 Ne5 (22... Nxa5 $2 23. Bxh7+ Kh8 24. Qf5 $18 {is a nice
trick. There is no way to stop 25.Qh3, with a decisive attack.}) 23. Bxh7+ Kh8
24. Qe4 (24. Qf5 $2 g6 25. Qh3 Qd7) 24... g6 25. Ra3 $5 (25. Qxd5 Kxh7 26. f4)
25... Qd7 (25... Kxh7 $2 26. Qh4+ Kg8 27. Rh3) 26. Qxd5 Kxh7 27. f4 {, and
White is better.}) 19... Nfxd5 (19... h6 20. c4 Nxc4 $2 21. Qc2 Rc8 22. Nxc4
Qxc4 23. Rc3 $18) 20. Bxe4 Bg5 (20... Nf6 21. Rc3 {is very annoying}) 21. Bxh7+
Kxh7 22. Bxg5 Kg8 23. Qd3 Re5 24. Bd2 Rfe8 25. h3 {and Black does not have
enough for the pawn. So, after 18...Rae8 White retains the initiative, but it
is very murky.}) (18... Rac8 $2 {allows} 19. g5 Nfxd5 20. Bxe4 Nb4 21. c3 d5
22. Bf5 $18 {and the rook hangs.}) 19. h4 Rae8 20. g5 hxg5 ({No way back now} 
20... Nfxd5 21. gxh6 f5 22. hxg7 Kxg7 23. Qh5 Rh8 (23... Nf6 24. Qxf5 Qxc2 25.
f3 $16) 24. Qxf5 Rxh4 25. Ra3 $1 {, with an attack.}) 21. hxg5 Nfxd5 22. Ra3 $1
{The threat is simply Rh3 and Qh5, a very strong idea with an open h-fle.
Black´s next is forced.} g6 23. Rh3 {Black has neutralized the main threat,
but has weakened the a1-h8 diagonal in the process. Besides, Qg4-Qh4 is still
a possibility Black needs to be prepared for. Right now there is ...Kg7,
followed by ...Rh8.} Bd8 {More stubborn was} (23... f5 {, but the attack
continues after} 24. c4 (24. Qd4 Qxc2) 24... Nb4 (24... Qc5 25. cxd5 Qxa5 26.
Qd4 Nxd5 27. Rd1 $16) 25. Qd4 {and now:} Qc5 (25... Kf7 26. Rh7+ Ke6 27. Bh3 $1
({interesting, but not quite clear, is} 27. Bxe4 fxe4 28. Qxe4+ Kd7 29. Re1 Nc8
30. Nb3 Qc6 31. Qg4+ Kc7 32. Nd4 Qd7 33. Ne6+ Kb8 34. Qh3 Rg8 35. Bf4 $40)
27... Kd7 28. Qxe4 $16) 26. Qh8+ Kf7 27. Qh7+ Ke6 28. Nb3 Qxc4 29. Rc3 Qd5 30.
f3 {and the attack keeps going.}) 24. c4 Nxc4 $2 {This loses quickly, but the
position is difficult already:} (24... Nb4 25. Qg4 $5 (25. Qd4 Re5 26. Bf4 $16
{wins the exchange with no complications}) 25... Kg7 26. Bd2 Nd3 27. Bc3+ Ne5
28. b4 $1 {protects the knight and gives the bishop some room to retreat.} (28.
Qxe4 Na4 29. Bxe5+ dxe5 (29... Rxe5 30. Qh4) 30. b4 Nc5 {is not too convincing.
}) 28... d5 (28... f5 29. gxf6+ Bxf6 30. Qxe4 $16 Nbxc4 $2 (30... Nexc4 $2 31.
Qh4 $18) 31. f4 Nxa5 32. fxe5 Bxe5 33. Rxf8 Rxf8 34. Qh4 $18) 29. c5 Nbd7 30.
f4 exf3 31. Qxf3 Bxg5 32. Qxd5 f6 33. Nc4 $16) 25. Nxc4 $1 Qxc4 26. b3 {
Now the bishops enters the long diagonal with decisive effects.} Qc5 $6 ({
A little better would be} 26... Qb5 {, controlling d7} 27. Qg4 f5 28. gxf6 Rxf6
29. Qh4 $18 (29. Bb2)) 27. Qg4 f5 (27... Qd4 28. Rd1 $1 {wins on the spot.})
28. gxf6 Rxf6 29. Qd7 $1 {Hitting e8 and h7. The rest is easy.} Re7 30. Qxd8+
Kf7 (30... Rf8 31. Rh8+) 31. Rh7+ Ke6 32. Bh3+ Rf5 33. Qg8+ Ke5 34. Qxg6 Rxf2
35. Rxe7+ Nxe7 36. Qe6+ Kd4 37. Kxf2 Qc2+ 38. Kg1 Nd5 39. Bg2 1-0

[Event "Gashimov Memorial 3rd"]
[Site "Shamkir"]
[Date "2016.05.29"]
[Round "4"]
[White "Hou, Yifan"]
[Black "Mamedyarov, Shakhriyar"]
[Result "1/2-1/2"]
[WhiteElo "2663"]
[BlackElo "2748"]
[Annotator "Baldauf,M"]
[PlyCount "111"]
[EventDate "2016.05.26"]
[EventType "tourn"]
[EventRounds "9"]
[EventCountry "AZE"]
[EventCategory "20"]
[SourceTitle "CBM 173"]
[Source "ChessBase"]
[SourceDate "2016.07.12"]
[SourceVersion "1"]
[SourceVersionDate "2016.07.12"]
[SourceQuality "1"]

1. e4 c5 2. Nf3 d6 3. d4 cxd4 4. Nxd4 Nf6 5. Nc3 a6 6. g3 e5 7. Nde2 Be7 8. Bg2
Nbd7 9. a4 {sobald der Sb8 sich für das Feld d7 entschieden hat, kann Weiß mit
a4 das Feld b4 vernachlässigen} b6 10. h3 O-O 11. O-O (11. g4 $5 Bb7 12. Ng3 {
verhindert das schwarze Gegenspiel} b5 $6 (12... Nc5 $142 13. g5 Ne8 14. h4 $13
) 13. axb5 axb5 14. Rxa8 Qxa8 15. Nf5) 11... Bb7 12. g4 b5 $5 {Diagramm [#]} (
12... Nc5 13. Ng3 g6 $13) 13. Ng3 (13. axb5 axb5 14. Rxa8 Bxa8 15. b4 d5 $1 $13
) 13... b4 14. Nd5 Nxd5 15. exd5 {Mamedyarov kann mit dem Verlauf der
Eröffnung zufrieden sein. Hou Yifan hat Schwächen auf d5 und c2, dies wird
durch die Kontrolle der weißen Felder f5 und e4 kompensiert.} Rc8 $6 (15... a5
{um das Feld b6 zu sichern und die potentiellen Schwächen auf a6 und b4 zu
einer Kette zu verbinden.}) 16. a5 $1 {[%csl Gb4][%cal Gc1d2]} Rc5 17. Nf5 Re8
18. Nxe7+ Rxe7 19. Bg5 f6 20. Bd2 Rb5 21. Re1 Qc8 {Diagramm [#]} (21... Bxd5 $2
22. Bf1 Rb8 $2 23. Bxb4 $18 {[%cal Gd1d5]}) 22. c3 {ein sicherer Ansatz - Hou
Yifan opfert zeitweilig einen Bauern, aktiviert dafür jedoch all ihre Figuren
und kann Druck auf den weißen Feldern erzeugen} (22. Re4 $5 {wäre ebenfalls
interessant gewesen} Rxd5 (22... Bxd5 $5 23. Rxb4 Bxg2 24. Rxb5 Ba8 25. Rb3 Re8
$44 {obwohl der weiße König nach f3 einigermaßen sicher steht}) 23. Rxb4 e4 $1
24. Ra3 (24. Bxe4 $2 Rxe4 25. Rxe4 Rxd2 26. Qxd2 Bxe4) 24... Nc5 $13) 22...
bxc3 23. bxc3 Bxd5 24. Bxd5+ Rxd5 25. Qb3 Qc6 26. Be3 {nun hat Hou Yifan auf
jeden Fall genug Kompensation um Ausgleich reklamieren zu können, vermutlich
jedoch nicht mehr} Nc5 27. Bxc5 dxc5 28. Qc4 {Diagramm [#]} Kf8 29. Qe4 g6 30.
Rad1 Rd6 31. Rxd6 Qxd6 32. Rb1 Kg7 33. Rb6 Qd2 34. Rb7 (34. Qf3 $5 Rf7 35. Rxa6
e4 36. Qe3 Qd5 $14) 34... Qd6 35. Rxe7+ Qxe7 36. Qc6 Qa7 (36... e4 37. Qxa6 Qd7
38. Kg2 h5 39. gxh5 gxh5 40. Qe2 $14) 37. Qb6 Qa8 38. Qxc5 (38. Qc7+ $1 Kh6 39.
Qd6 {[%csl Gf6]} Qf3 40. Qxa6 e4 $1 (40... Qd1+ 41. Kg2 Qd5+ 42. Kg3 $18) (
40... Qxh3 41. Qxf6 Qxg4+ 42. Kh2 Qh5+ 43. Kg3 $1) 41. Qe6 Qd1+ 42. Kh2 Qf3 43.
Qa2 e3 {und Schwarz kämpft ums Überleben}) 38... Qb7 39. c4 Qd7 40. Kg2 Qb7+
41. Kg1 Qd7 42. Kh2 Qb7 {jetzt hat Mamedyarov genug Gegenspiel} 43. Qd6 Qf3 44.
Qd7+ Kf8 45. Kg1 Qxh3 46. c5 f5 $1 47. Qd6+ Kf7 48. Qd5+ Kf6 49. c6 Qxg4+ 50.
Kf1 Qh3+ 51. Ke2 Qc3 52. Qd8+ Ke6 53. c7 Qc2+ 54. Kf1 Qc4+ 55. Kg2 Qg4+ 56. Kf1
1/2-1/2

[Event "EU-ch 15th"]
[Site "Yerevan"]
[Date "2014.03.08"]
[Round "6"]
[White "Bartel, Mateusz"]
[Black "Zhigalko, Andrey"]
[Result "1-0"]
[WhiteElo "2662"]
[BlackElo "2603"]
[Annotator "Bartel,M"]
[PlyCount "115"]
[EventDate "2014.03.03"]
[EventType "swiss"]
[EventRounds "11"]
[EventCountry "ARM"]
[SourceTitle "CBM 160"]
[Source "ChessBase"]
[SourceDate "2014.05.15"]
[SourceVersion "1"]
[SourceVersionDate "2014.05.15"]
[SourceQuality "1"]

1. e4 c5 2. Nf3 d6 3. d4 cxd4 4. Nxd4 Nf6 5. Nc3 a6 6. g3 {This move
represents the common attitude to the openings nowadays - instead of trying to
win the game by preparation, White is simply aiming for a playable game. It's
not a big surprise that 6.g3 has become more popular recently - it's hard to
imagine that White can fight for anything special in the main Najdorf.} e5 {
The most principled reply. Black could try many moves, but this one seems most
logical.} 7. Nb3 Be7 8. Bg2 b5 (8... O-O {was another option. The move in the
game is a bit more aggresive and there is absolutely lot of sense in delaying
castle for a moment. If Black managed to put his pieces on the best squares 
(Bb7, Nbd7, Rc8), White could be worse.}) 9. Be3 $5 {This is a new move, I
believe. It's not impressive, not at all, but it makes some sense, as the
bishop takes the a7-square under control and that square is useful for the
black rook in many lines.} ({The main move here is} 9. a4 {which leads to an
equal position after} b4 10. Nd5 Nxd5 11. Qxd5 Ra7 12. Be3 Be6 13. Qd3 Rb7 {.})
9... Nbd7 ({The point of 9.Be3 is easy to see in the following line:} 9... O-O
$6 10. a4 b4 11. Nd5 $14 {and Black can't take on d5.}) ({However, Black could
try the simple} 9... Bb7 10. a4 b4 11. Nd5 Nxd5 12. exd5 $11) 10. a4 b4 11. Nd5
a5 $2 {A big positional blunder. when you have the knight on b3 you dream of
seeing the black pawn on a5, which makes the knight position very good, if not
perfect. Of course, there are a lot of situations where there is nothing wrong
with moves like a6-a5, but in this position Black gets nothing in return.} ({
The most natural alternative was} 11... Nxd5 12. Qxd5 Rb8 {. Now White would
be rather forced to play} 13. Qa5 {in order to show that the whole plan had
some idea in itself. However, the position after e.g.} (13. Na5 $2 Nf6) 13...
O-O 14. O-O Nf6 15. Qxd8 Rxd8 16. Rfd1 Be6 {is simply equal - White can't make
any use of the a5-square and all other factors, especially the c-file, show
that Black must be fine.}) 12. O-O ({It's not a bad move, but it was better to
play} 12. Nxe7 Qxe7 13. Qd2 $1 {with a nice edge, as White can press on the
d-file. Unfortunately, this line works only because of the tactical trick
which I missed - after (now or later)} Bb7 $2 {White can play} 14. Nxa5 $1 Rxa5
15. Qxb4 $16 {. Missing this, I could decide on this line, as I thought White
is losing his e4-pawn.}) 12... O-O 13. Re1 $6 {Again, Nxe7 was better. As I
didn't see the tactical trick mentioned in the previous comment, I decided to
put the rook on the e-file in order to have the e4-pawn protected in some
lines.} Bb7 14. c4 $1 {This is not what White could get after taking on e7 on
more 12th or 13th, but after c2-c4 White still keeps some advantage - all in
all the pawn on a5.} bxc3 $6 {I believe this is a mistake.} ({Probably better
was} 14... Nxd5 15. cxd5 Bg5 $1 16. Bxg5 Qxg5 {and it seems that Black is just
in time to coordinate his forces in defence, e.g.} 17. Rc1 (17. Qc1 Qd8) 17...
Nb6 $1 18. Rc7 Bc8 $11 19. Rc6 $6 Qd8) 15. Nxc3 $14 {Now White is better, as
it's much easier to press on the queenside than to prepare a counterattack in
the centre.} Qb8 16. Qd3 $1 {A strong move. White's goal is to put the knight
on b5, but since the knight is protecting the e4-pawn, it's neccessary to find
a new defender for the pawn first.} Rc8 $6 ({Black could have tried} 16... Bc6
17. Nb5 Nb6 {, but White still would keep an advantage after} 18. Rec1 Bd7 19.
Bf1 $14 {. Still, it was better than the game.}) 17. Nb5 Bc6 18. Bd2 Nc5 {
This move is not a dream scenario for Black, but sooner or later it was
neccessary to exchange the superstrong knight from b3.} 19. Nxc5 dxc5 20. b3 {
A solid move, which should always be useful.} Rd8 21. Qe2 $1 ({Better than} 21.
Qc2 {where White sacrifices a pawn for a long-term initiative:} Bxb5 22. axb5
Qxb5 23. Bf1 Qb6 24. Bc4 $14) 21... Nxe4 22. Bxe4 Bxe4 23. Qxe4 Rxd2 24. Rad1
Rxd1 25. Rxd1 {This is the position I was aiming for when playing 21.Qe2.
White is a pawn down, but it's just a question of time when he will win it
back. Once the material becomes equal, White will keep a serious plus, as the
knight is a powerful piece and can attack the a5-pawn on many occasions. At
the same time White is much more active.} Qc8 ({It was probably better to keep
the pawn by playing} 25... Bf6 {. However, it's visible that after} 26. Rd7 {
White would be much better.}) 26. Qxe5 Bf8 27. Qd5 {I must admit that during
the game I was sure that my position was not just better, but simply winning.
I felt that it should be rather easy to exchange queens at the correct moment
and come closer with the king. The reality wasn't as I wanted it to be - Black
is worse, but White must be very precise.} Qg4 $2 {In such positions it's
better to wait. Much better was the calm 27...g6.} 28. Nd6 $1 {After this move
Black is even worse coordinated than before 27...Qg4.} Ra7 (28... Rd8 {wasn't
possible:} 29. Qxf7+ Kh8 30. Re1 $1) (28... Bxd6 $4 29. Qxa8+) 29. Nc4 {
Now White has a perfect position. The only problem in such situations is the
number of options the better side has. You think that you are winning after
every move and it's easy to lose control and miss the moment when you should
play precise moves again!} g6 30. Re1 $6 (30. Rd3 $1 {was much better, because
the rook on d3 would be really multifunctional, defending b3, sometimes
helping to exchange the queen on d8 and also, sometimes would be ready to join
a direct attack on the f7-pawn. On e1 the rook is much worse placed, as it
only targets the e8-square, which is not a big deal.}) 30... Qd4 31. Qf3 Qd8
32. Rd1 Qe7 33. Qc6 h5 34. Kf1 Kh7 35. Re1 Qd8 36. Kg2 Qd4 37. Re4 Qd1 38. Re3
$1 {Finally, after playing a lot of pointless moves, I realised that the rook
is best placed on the 3rd rank.} Bh6 {Objectively - a mistake. However, from a
practical point of view, it could bear some fruit.} 39. Rf3 h4 $2 ({The best
try was} 39... Re7 $1 {and White would need to think seriously, e.g.} 40. Nd6 (
40. Qd6 {is always an option, but can White win the endgame after} Qxd6 41.
Nxd6 Kg8 42. Nc4 Ra7 {? I have serious doubts.}) 40... Re1 (40... f5 41. Rxf5
$1 Bg7 42. Rf7 Rxf7 43. Nxf7 Qxb3 44. Ng5+ Kh6 45. h4 $16) 41. Rxf7+ Bg7 42.
Qd7 $8 Qd5+ 43. Kh3 {and White is winning, but such lines seem easy only
sitting at home...}) 40. gxh4 $2 (40. Ne5 $1 {was much better, but I was too
lazy to calculate} h3+ 41. Kxh3 Qf1+ 42. Kh4 {and the game would be over.})
40... Qd4 41. Qf6 ({My first intention was} 41. Rg3 Qxh4 42. Ne5 $16 {, but
for some strange reason, I didn't play it.}) 41... Qg4+ 42. Rg3 Qe4+ 43. Kh3 $2
({This is another inaccuracy. White could play} 43. Qf3 {, but to play such a
move, you must see the nice tactical shot:} Qxh4 44. Nxa5 $1 {and the pawn is
untouchable:} Rxa5 $2 45. Qxf7+ Kh8 46. Qe8+ {. Actually, this is what I
mentioned earlier - I had the position, where the "price" of each move was
very low, I could do what I wanted and when the situation had changed, it was
very difficulf to switch and make correct decisions from a very limited choice.
}) 43... Bf4 $6 ({Both players missed that after} 43... Bg7 $1 44. Qf3 Qxf3 45.
Rxf3 Bd4 {Black would be more or less safe.}) 44. f3 Qf5+ 45. Qxf5 gxf5 46. Rg2
{Luckily for White, this is still complex to play. However, it's clear that
the drawish chances are pretty high.} Rd7 $2 {This natural move seems to be
losing!} ({The engines suggest the calm} 46... Ra6 {giving nice chances for
escape, e.g.} 47. Re2 Ra8 48. Re7 Kg7 49. Rd7 Kf6 50. Rd5 Re8 {and it's close
to draw.}) 47. Nxa5 Rd3 ({After the game Andrei suggested} 47... Bc7 {as a
better try, but it also doesn't help:} 48. Nc4 Rd3 49. Rb2 $1 {and the a-pawn
would decide the game.}) 48. Rc2 Kg6 ({During the game I was afraid of} 48...
Rxf3+ 49. Kg2 Rd3 50. Rxc5 Kg6 {with the potential Kg6-h5-g4, but it seems
that even straightforward} 51. b4 Kh5 52. Nc4 Kg4 53. a5 Rh3 54. a6 {is enough
to win.}) 49. Kg2 Be3 (49... Bc7 50. Rxc5 Bxa5 51. Rxa5 Rxb3 52. Ra8 {would be
easily winning.}) 50. Nc4 {Now the a4-pawn is winning the game.} Rxb3 51. a5
Bf4 52. a6 Bb8 53. Ra2 Rb4 54. Ne5+ Kf6 55. Nc6 Rb6 56. Nxb8 Rxb8 57. a7 Ra8
58. Kf2 1-0